01341nam a2200265 a 450000100100000000500170001000800410002704000250006808200240009310000410011724500360015825000110019426000370020530000210024249000320026350503900029550501350068565000270082065000310084783000390087891000070091704900090092495201270093399900150106000000845720200929161338.0751028s1979 sp 000 f spa d aDO-SdBNPcspadBNPHU aA863.4bC827c, 19791 aCortázar, Julio,d1914-198491068810aCeremonias /cJulio Cortázar. a7a ed. aBarcelona :bSeix Barral,c1979. a295 p. ;c20 cm.1 aNueva narrativa hispánica0 tFinal del juego:tI. Continuidad de los parques. -- No se culpe a nadie. -- El río. -- Los venenos. -- La puerta condenada. -- Las ménades. II. El ídolo de las cícladas. -- Una flor amarilla. -- Sobremesa. -- La banda. -- Los amigos. -- El móvi.l -- Torito. III. Relato con un fondo de agua. -- Después del almuerzo. -- Axolotl. -- La noche boca arriba. -- Final del juego.0 tLas armas secretas:tCartas de Mamá. -- Los buenos servicios. -- Las babas del diablo. -- El perseguidor. -- Las armas secretas. 4aNovela argentina93941 4aLiteratura argentina93860 0aNueva narrativa hispánica922001 aWM aBNGR 001054708MOaGRbGRcHDd2009-09-16iLF1l0oA863.4 C827c, 1979p8457-10r2020-06-25w2020-06-25y4ZPréstamo en sala c8228d8228